UBT Library

The human body on trial : (Record no. 44364)

000 -LEADER
fixed length control field 00871cam a22002774a 4500
001 - CONTROL NUMBER
control field 12873574
005 - DATE AND TIME OF LATEST TRANSACTION
control field 20180308032738.0
008 - FIXED-LENGTH DATA ELEMENTS--GENERAL INFORMATION
fixed length control field 020726s2002 cau b 001 0 eng
010 ## - LIBRARY OF CONGRESS CONTROL NUMBER
LC control number 2002011717
020 ## - INTERNATIONAL STANDARD BOOK NUMBER
International Standard Book Number 1576073491 (hardcover : acidfree paper)
035 ## - SYSTEM CONTROL NUMBER
System control number (DNLM)101150914
040 ## - CATALOGING SOURCE
Original cataloging agency DNLM/DLC
Transcribing agency DLC
Modifying agency DLC
041 ## - LANGUAGE CODE
Language code of text/sound track or separate title eng
042 ## - AUTHENTICATION CODE
Authentication code pcc
043 ## - GEOGRAPHIC AREA CODE
Geographic area code n-us---
060 10 - NATIONAL LIBRARY OF MEDICINE CALL NUMBER
Classification number W 32.5 AA1
Item number C976h 2002
080 ## - UNIVERSAL DECIMAL CLASSIFICATION NUMBER
Universal Decimal Classification number 344.7304194 lyn
082 00 - DEWEY DECIMAL CLASSIFICATION NUMBER
Classification number 344.7304194 lyn
Edition number 21
100 1# - Rafti
Rafti 48
101 ## - Shkurtesa
Shkurtesa psi
245 14 - TITLE STATEMENT
Title The human body on trial :
Statement of responsibility, etc Lynne Curry.
504 ## - BIBLIOGRAPHY, ETC. NOTE
Bibliography, etc Includes bibliographical references (p. 221-225) and index.
906 ## - LOCAL DATA ELEMENT F, LDF (RLIN)
a 7
b cbc
c orignew
d 1
e ecip
f 20
g y-gencatlg
942 ## - ADDED ENTRY ELEMENTS (KOHA)
Source of classification or shelving scheme
Item type Books
Holdings
Withdrawn status Lost status Source of classification or shelving scheme Damaged status Not for loan Collection code Permanent location Current location Shelving location Date acquired Total Checkouts Full call number Barcode Date last seen Price effective from Koha item type
          Koleksioni i përgjithshem UBT - Lipjan UBT - Lipjan Koleksioni i përgjithshem 03/08/2018   344.7304194 lyn 002-3001344 03/08/2018 03/08/2018 Books
UBT Library © 2015-2024. All rights reserved University Education for Business and Technology